World heritage sites in India / (Record no. 35594)

MARC details
000 -LEADER
fixed length control field 00580nam a22001817a 4500
005 - DATE AND TIME OF LATEST TRANSACTION
control field 20210803173134.0
008 - FIXED-LENGTH DATA ELEMENTS--GENERAL INFORMATION
fixed length control field 080618t xxu||||| |||| 00| 0 eng d
020 ## - INTERNATIONAL STANDARD BOOK NUMBER
Terms of availability 800.00
International Standard Book Number 9788178804071
037 ## - SOURCE OF ACQUISITION
Source of stock number/acquisition PUB
040 ## - CATALOGING SOURCE
Original cataloging agency DPL
Language of cataloging English
100 ## - MAIN ENTRY--PERSONAL NAME
Personal name Mishra, Lavkush
245 ## - TITLE STATEMENT
Title World heritage sites in India /
Statement of responsibility, etc by Lavkush Mishra
260 ## - PUBLICATION, DISTRIBUTION, ETC. (IMPRINT)
Place of publication, distribution, etc New Delhi
Name of publisher, distributor, etc Rajat Publications
Date of publication, distribution, etc 2009
270 ## - ADDRESS
Address 4675/21, Ansari Road, Daryaganj
City New Delhi
Postal code 110002
300 ## - PHYSICAL DESCRIPTION
Extent xii, 443p.
Dimensions 24 cm (Hb)
500 ## - GENERAL NOTE
General note Includes bibliographical references and index
942 ## - ADDED ENTRY ELEMENTS (KOHA)
Item type English Books
Source of classification or shelving scheme Dewey Decimal Classification
Call number suffix MIS
Holdings
Withdrawn status Lost status Source of classification or shelving scheme Damaged status Not for loan Home library Current library Date acquired Cost, normal purchase price Total Checkouts Full call number Date last seen Cost, replacement price Koha item type
    Dewey Decimal Classification   Ordered Andrews Gunj Andrews Gunj 01/05/2010 800.00   MIS 01/05/2010 800.00 English Books

© Delhi Public Library
Hit Counter
free hit counter